El marxismo: visión crítica

Saved in:
Bibliographic Details
Main Author: Ibáñez Langlois, José Miguel (Author)
Format: Book
Language:Spanish
Published: Santiago Universidad Católica de Chile 1981
Edition:4a. ed
Subjects:
Tags: Add Tag
No Tags, Be the first to tag this record!

MARC

LEADER 00000nam a2200000 a 4500
001 UCW5240
003 CL-VaPUC
008 910125e19810000CL |||||||||||||||||spa|d
082 0 4 |a 320.5322  |b IBA  |2 21 
100 |a Ibáñez Langlois, José Miguel  |e author  |9 316900 
245 1 3 |a El marxismo: visión crítica 
250 |a 4a. ed 
300 |a 313 p 
942 |c BK 
945 |d 19910125 00:00:00 
260 |a Santiago  |b Universidad Católica de Chile  |c 1981 
650 7 |a MARXISMO  |2 CL-VaPUC  |9 310139 
583 |a last modification  |c 19910125 00:00:00  |k Rodrigo Vera 
999 |c 218723  |d 218721 
952 |0 0  |1 0  |4 0  |6 320_532200000000000_IBA_1981  |7 0  |8 P  |9 208753  |a BIBEDU  |b BIBEDU  |c BIBEDU_PB  |d 2019-11-15  |i 2765799  |o 320.5322 IBA 1981  |p 2765799  |r 2024-01-25  |w 2019-11-15  |y BK  |k EDU 
952 |0 0  |1 0  |4 0  |6 320_532200000000000_IBA_1981  |7 0  |8 A  |9 208754  |a BIBHIS  |b BIBHIS  |d 2019-11-15  |i 3879615  |o 320.5322 IBA 1981  |p 3879615  |r 2025-01-20  |w 2019-11-15  |y BK  |k HIS